000 00560nam a2200145Ia 4500
008 210430s9999 xx 000 0 und d
020 _a978-0-07-099348-8
082 _a671.2 H3623 H
100 _aHeine, Richard W.; Carl R. Loper, Jr. & Philip C. Rosenthal.
245 _aPrinciples of metal casting - second edition /
_cHeine, Richard W.; Carl R. Loper, Jr. & Philip C. Rosenthal.
260 _a[S.l.] :
_bMcGraw-Hill,
_c1967
300 _a1 v. (unpaged) ;
856 _uhttp://www.amazon.com/exec/obidos/ASIN/B0017W11GW/chopaconline-20
942 _cBK
_2ddc
999 _c564958
_d564958